000 00832nam a2200253Ia 4500
003 OSt
005 20221005105604.0
006 a|||||r|||| 00| 0
007 ta
008 221004b |||||||| |||| 00| 0 hin d
020 _a9789383447787 (hbk)
_c800
024 _a25692
037 _b2342, 19/03/2016, Success Book Service
_cTextual
040 _aCRL
_cCRL
_bhin
041 _2hin
_ahin
082 _aw2,C, 152Q5
100 _aचावड़ा, बलराम
245 0 _aभारत रत्न
246 _aBhārat ratna
260 _aनई दिल्ली
_bरावत प्रकाशन भारत
_c2015
300 _a256पृ0
_ccm.
942 _hw2,C, 152Q5
_cTEXL
_2cc
999 _c1016269
_d1016269